[Event "Hessen-ch Seniors op 12th"]
[Site "Bad Sooden-Allendorf"]
[Date "2016.05.08"]
[Round "8"]
[White "Frieser, Klaus"]
[Black "Stanke, Achim"]
[Result "1/2-1/2"]
[WhiteElo "2158"]
[BlackElo "2111"]
[PlyCount "156"]
[EventDate "2016.04.30"]
[EventType "swiss"]
[EventRounds "9"]
[EventCountry "GER"]
[SourceTitle "EXT 2019"]
[Source "ChessBase"]
[SourceDate "2018.10.10"]
[SourceVersion "1"]
[SourceVersionDate "2018.10.10"]
[SourceQuality "1"]

1. d4 g6 2. c4 Bg7 3. Nc3 d6 4. e4 Nd7 5. Be3 e5 6. d5 Nh6 7. f3 f5 8. Qd2 Nf7 9. Bd3 Nf6 10. c5 fxe4 11. Bxe4 Bf5 12. 0-0-0 0-0 13. Nge2 Bxe4 14. Nxe4 Nxe4 15. fxe4 Qd7 16. Nc3 dxc5 17. Bxc5 Nd6 18. Bxd6 cxd6 19. Rhf1 b5 20. Kb1 b4 21. Ne2 a5 22. Ng1 Qg4 23. Qe2 Rf4 24. Rfe1 Rc8 25. g3 Qxe2 26. Rxe2 Rf7 27. Rc2 Rxc2 28. Kxc2 a4 29. Kd3 Rc7 30. Rd2 a3 31. bxa3 Rc3+ 32. Ke2 Rxa3 33. Rb2 Bh6 34. Kf2 Be3+ 35. Kg2 Bd4 36. Re2 h6 37. Nf3 Bc5 38. Nh4 Kg7 39. Kf1 Rd3 40. Re1 Rc3 41. Re2 Bd4 42. Kg2 Rc1 43. Nf3 Bc5 44. Ne1 Rd1 45. Nf3 Rd3 46. Ne1 Ra3 47. Nf3 g5 48. g4 Kg6 49. h3 Be3 50. Kg3 Bf4+ 51. Kf2 Kf6 52. Rb2 Be3+ 53. Kg2 Bc5 54. Re2 Rc3 55. Ne1 Ra3 56. Nf3 Ke7 57. h4 Kf6 58. hxg5+ hxg5 59. Ne1 Bd4 60. Nc2 Ra4 61. Ne1 Ra3 62. Nc2 Ra4 63. Ne1 Bc3 64. Nf3 Kg6 65. Nh2 Bd4 66. Nf1 Ra3 67. Ng3 Rd3 68. Nf5 Bc5 69. Kf1 Rf3+ 70. Kg2 Rf4 71. Kg3 Rf1 72. Rh2 Rg1+ 73. Kf3 Rf1+ 74. Ke2 Rf4 75. Kd3 Rf3+ 76. Kc4 Rf4 77. Kd3 Rf3+ 78. Kc4 Rf4 1/2-1/2

[Event "Hessen-ch Seniors op 12th"]
[Site "Bad Sooden-Allendorf"]
[Date "2016.05.08"]
[Round "9"]
[White "Stanke, Achim"]
[Black "Ghijsen, Pim"]
[Result "1/2-1/2"]
[WhiteElo "2111"]
[BlackElo "2180"]
[PlyCount "100"]
[EventDate "2016.04.30"]
[EventType "swiss"]
[EventRounds "9"]
[EventCountry "GER"]
[SourceTitle "EXT 2019"]
[Source "ChessBase"]
[SourceDate "2018.10.10"]
[SourceVersion "1"]
[SourceVersionDate "2018.10.10"]
[SourceQuality "1"]

1. d4 d5 2. Nf3 Nf6 3. c4 c6 4. Nc3 e6 5. g3 Be7 6. Bg2 0-0 7. 0-0 Nbd7 8. Qc2 b6 9. e4 dxe4 10. Nxe4 Bb7 11. Rd1 Qc8 12. Bf4 Nxe4 13. Qxe4 Nf6 14. Qe2 Re8 15. Ne5 c5 16. Bxb7 Qxb7 17. Qf3 Qxf3 18. Nxf3 Rad8 19. Rac1 h6 20. Kg2 Bf8 21. h4 cxd4 22. Be5 Ng4 23. Bxd4 e5 24. Bc3 e4 25. Nh2 Nxh2 26. Kxh2 Bc5 27. Kg2 a5 28. Rxd8 Rxd8 29. Re1 f5 30. g4 g6 31. h5 Kf7 32. hxg6+ Kxg6 33. gxf5+ Kxf5 34. Rh1 Kg5 35. Rh3 Rd6 36. Rg3+ Kf5 37. Rg8 Rg6+ 38. Rxg6 Kxg6 39. Bd2 h5 40. b3 Kf5 41. Be3 Kg4 42. a3 h4 43. b4 h3+ 44. Kh1 axb4 45. axb4 Bxb4 46. Bxb6 Be1 47. Be3 Kf3 48. c5 Bxf2 49. c6 Bg3 50. Bb6 e3 1/2-1/2

[Event "Hessen-ch Seniors op 12th"]
[Site "Bad Sooden-Allendorf"]
[Date "2016.04.30"]
[Round "1"]
[White "Stanke, Achim"]
[Black "Alefs, Willi"]
[Result "1-0"]
[WhiteElo "2111"]
[BlackElo "1835"]
[PlyCount "111"]
[EventDate "2016.04.30"]
[EventType "swiss"]
[EventRounds "9"]
[EventCountry "GER"]
[SourceTitle "EXT 2019"]
[Source "ChessBase"]
[SourceDate "2018.10.10"]
[SourceVersion "1"]
[SourceVersionDate "2018.10.10"]
[SourceQuality "1"]

1. d4 Nf6 2. c4 c6 3. Nc3 d5 4. Nf3 Bf5 5. cxd5 Nxd5 6. Qb3 Nxc3 7. Qxb7 Qb6 8. Qxb6 axb6 9. bxc3 e6 10. Nd2 Be7 11. e4 Bg6 12. Bc4 0-0 13. 0-0 Rd8 14. Re1 b5 15. Bb3 Na6 16. Nf3 Bf6 17. Bb2 c5 18. Rac1 c4 19. Bc2 b4 20. Bb1 Rdc8 21. g3 Bh5 22. Nd2 Be7 23. f3 f6 24. g4 Bf7 25. f4 bxc3 26. Bxc3 Nb4 27. Bxb4 Bxb4 28. Rc2 Be8 29. Rec1 Ba3 30. Rf1 Bb5 31. Rf3 Bb4 32. f5 c3 33. Nb3 exf5 34. gxf5 Ba4 35. Rg2 Ra7 36. Bd3 Rac7 37. Bc2 Re7 38. Rfg3 Kf8 39. h4 Bd6 40. Rg4 h5 41. Rg6 Be8 42. e5 Bxg6 43. exd6 Re1+ 44. Kf2 Rce8 45. fxg6 R1e6 46. Kf3 Rxd6 47. Re2 Ra8 48. Be4 Ra4 49. Rc2 Rc4 50. Ke3 Ra6 51. Bd5 Rc7 52. Nc5 Rd6 53. Ne6+ Rxe6+ 54. Bxe6 Ke7 55. Bf7 Kd6 56. Kd3 1-0

[Event "Hessen-ch Seniors op 11th"]
[Site "Bad Sooden-Allendorf"]
[Date "2015.05.09"]
[Round "1"]
[White "Viererbe, Hartmut"]
[Black "Stanke, Achim"]
[Result "1/2-1/2"]
[WhiteElo "1890"]
[BlackElo "2117"]
[PlyCount "81"]
[EventDate "2015.05.09"]
[EventType "swiss"]
[EventRounds "9"]
[EventCountry "GER"]
[SourceTitle "EXT 2018"]
[Source "ChessBase"]
[SourceDate "2017.10.13"]
[SourceVersion "1"]
[SourceVersionDate "2017.10.13"]
[SourceQuality "1"]

1. Nf3 g6 2. d4 Bg7 3. e4 c6 4. c3 d5 5. Bd3 dxe4 6. Bxe4 Nd7 7. Bf4 Ngf6 8. Bd3 Nd5 9. Qd2 Nxf4 10. Qxf4 Nf6 11. 0-0 0-0 12. Re1 Nd5 13. Qd2 a5 14. Na3 Re8 15. Nc4 a4 16. Ne3 Bh6 17. Qc2 Nf4 18. Bf1 Be6 19. Rad1 Bxa2 20. Bc4 Bxc4 21. Nxc4 Nd5 22. Ra1 Bg7 23. Nce5 Qb6 24. Ra3 Qa5 25. Rea1 Nb6 26. c4 f6 27. Nd3 e5 28. b4 Qa7 29. Nc5 Qb8 30. dxe5 fxe5 31. Ne4 Ra6 32. c5 Nd5 33. Rxa4 Nxb4 34. Qc4+ Nd5 35. Rxa6 bxa6 36. Qxa6 Qc7 37. Nfd2 Rb8 38. Rb1 Rxb1+ 39. Nxb1 h6 40. Nbd2 Kh7 41. g3 1/2-1/2

[Event "Blankenburg op-A 19th"]
[Site "Blankenburg"]
[Date "2014.10.04"]
[Round "5"]
[White "Stanke, Achim"]
[Black "Bente, Bjoern"]
[Result "1/2-1/2"]
[WhiteElo "2122"]
[BlackElo "2268"]
[PlyCount "43"]
[EventDate "2014.10.02"]
[EventType "swiss"]
[EventRounds "7"]
[EventCountry "GER"]
[SourceTitle "EXT 2023"]
[Source "ChessBase"]
[SourceDate "2022.10.05"]
[SourceVersion "1"]
[SourceVersionDate "2022.10.05"]
[SourceQuality "1"]

1. d4 Nf6 2. g3 d5 3. Bg2 c5 4. Nf3 Nc6 5. c4 e6 6. 0-0 Be7 7. Nc3 0-0 8. cxd5 exd5 9. dxc5 Bxc5 10. Bg5 d4 11. Bxf6 Qxf6 12. Ne4 Qe7 13. Nxc5 Qxc5 14. Rc1 Qb6 15. Qc2 h6 16. Rfd1 Be6 17. b3 Rfd8 18. Qc5 Qa6 19. Rd2 Rd5 20. Qc2 Rd6 21. Rcd1 Rad8 22. Qb2 1/2-1/2

[Event "Friedrichroda op 18th"]
[Site "Friedrichroda"]
[Date "2014.08.17"]
[Round "7"]
[White "Joerges, Frank"]
[Black "Stanke, Achim"]
[Result "0-1"]
[WhiteElo "1943"]
[BlackElo "2123"]
[PlyCount "90"]
[EventDate "2014.08.13"]
[EventType "swiss"]
[EventRounds "7"]
[EventCountry "GER"]
[SourceTitle "CBM 162 Extra"]
[Source "ChessBase"]
[SourceDate "2014.10.17"]
[SourceVersion "1"]
[SourceVersionDate "2014.10.17"]
[SourceQuality "1"]

1. d4 g6 2. c4 Bg7 3. e4 d6 4. Nc3 Nd7 5. Be2 e5 6. d5 Nh6 7. Nf3 f6 8. Be3 Ng4 9. Bd2 c6 10. Ng5 Nxf2 11. Kxf2 fxg5 12. Rf1 0-0+ 13. Kg1 Qb6+ 14. Kh1 h6 15. Rxf8+ Bxf8 16. Qc1 Kh7 17. Be3 Qd8 18. Qd2 Nf6 19. Rf1 c5 20. a3 Bg7 21. b4 b6 22. b5 Bd7 23. a4 Qc7 24. Qd1 Rf8 25. g4 Qc8 26. h3 Be8 27. Kh2 Kg8 28. Kg3 Nh7 29. Rxf8+ Bxf8 30. Qc1 Qc7 31. Nd1 Be7 32. Nc3 Bd8 33. Qf1 Bf6 34. Qd1 Qf7 35. Qf1 Bd7 36. Bd1 Bc8 37. Be2 Qd7 38. Qd1 Be7 39. Qc1 Kg7 40. Qd1 Nf6 41. Bf3 Nh5+ 42. gxh5 Qxh3+ 43. Kf2 g4 44. Bxh6+ Kxh6 45. Qd2+ Bg5 0-1

[Event "Hessen-ch Seniors op 10th"]
[Site "Bad Sooden-Allendorf"]
[Date "2014.05.02"]
[Round "7"]
[White "Riek, Wolfgang"]
[Black "Stanke, Achim"]
[Result "0-1"]
[WhiteElo "2011"]
[BlackElo "2138"]
[PlyCount "38"]
[EventDate "2014.04.26"]
[EventType "swiss"]
[EventRounds "9"]
[EventCountry "GER"]
[SourceTitle "EXT 2018"]
[Source "ChessBase"]
[SourceDate "2017.10.13"]
[SourceVersion "1"]
[SourceVersionDate "2017.10.13"]
[SourceQuality "1"]

1. Nf3 g6 2. d4 Bg7 3. e4 c6 4. Be3 Nh6 5. h3 f6 6. Qd2 Nf7 7. Nc3 d5 8. Bd3 0-0 9. g4 e5 10. Nh2 Re8 11. 0-0-0 Be6 12. Kb1 Nd7 13. Rdf1 Nb6 14. f4 dxe4 15. Nxe4 Nc4 16. Bxc4 Bxc4 17. Re1 Bd5 18. Bf2 exd4 19. Qxd4 f5 0-1

[Event "Hessen-ch Seniors op 10th"]
[Site "Bad Sooden-Allendorf"]
[Date "2014.04.29"]
[Round "4"]
[White "Stanke, Achim"]
[Black "Reimann, Guenther"]
[Result "1-0"]
[WhiteElo "2138"]
[BlackElo "1929"]
[PlyCount "81"]
[EventDate "2014.04.26"]
[EventType "swiss"]
[EventRounds "9"]
[EventCountry "GER"]
[SourceTitle "EXT 2018"]
[Source "ChessBase"]
[SourceDate "2017.10.13"]
[SourceVersion "1"]
[SourceVersionDate "2017.10.13"]
[SourceQuality "1"]

1. d4 e6 2. Nf3 f5 3. g3 Nf6 4. Bg2 c6 5. 0-0 Be7 6. c3 0-0 7. Nbd2 Qe8 8. Qc2 d5 9. Ne5 Nbd7 10. Nd3 Bd6 11. Nf3 e5 12. dxe5 Nxe5 13. Nfxe5 Bxe5 14. Nxe5 Qxe5 15. Bf4 Qe7 16. Rad1 Nh5 17. Bc1 f4 18. Rd4 Bf5 19. Qd1 fxg3 20. hxg3 Nf6 21. Qb3 Kh8 22. c4 dxc4 23. Qxc4 Be6 24. Qc2 Rae8 25. e4 Qf7 26. b3 Qh5 27. f4 Bh3 28. e5 Bxg2 29. Kxg2 Ng4 30. Rh1 Qf5 31. Qxf5 Rxf5 32. Rd7 Rb8 33. Rhd1 Nh6 34. Ba3 g5 35. Kf3 Rf7 36. e6 Rxd7 37. Rxd7 b6 38. Bb2+ Kg8 39. Rg7+ Kf8 40. Rxh7 Ng8 41. f5 1-0

[Event "Hessen-ch Seniors op 10th"]
[Site "Bad Sooden-Allendorf"]
[Date "2014.04.27"]
[Round "2"]
[White "Stanke, Achim"]
[Black "Rehder, Frank"]
[Result "1-0"]
[WhiteElo "2138"]
[BlackElo "1876"]
[PlyCount "75"]
[EventDate "2014.04.26"]
[EventType "swiss"]
[EventRounds "9"]
[EventCountry "GER"]
[SourceTitle "EXT 2018"]
[Source "ChessBase"]
[SourceDate "2017.10.13"]
[SourceVersion "1"]
[SourceVersionDate "2017.10.13"]
[SourceQuality "1"]

1. d4 Nf6 2. g3 g6 3. Bg2 Bg7 4. c4 d6 5. Nf3 Nbd7 6. Nc3 0-0 7. 0-0 e5 8. h3 c6 9. e4 Re8 10. Qc2 a5 11. Rd1 Qc7 12. b3 Nf8 13. Ba3 Bd7 14. dxe5 dxe5 15. Bd6 Qc8 16. Kh2 Nh5 17. Na4 Qd8 18. Nc5 Nf6 19. Nxe5 Qc8 20. f4 b6 21. Bxf8 bxc5 22. Bxc5 Be6 23. Bd4 c5 24. Bc3 Qc7 25. Qb2 Nh5 26. Ng4 Bxg4 27. hxg4 Nxf4 28. Bxg7 Nxg2 29. Kxg2 Rxe4 30. Bh6 f5 31. gxf5 Rae8 32. Rd2 Qb7 33. Kh2 gxf5 34. Rf1 Qc7 35. Bf4 Qf7 36. Kg1 Qg6 37. Rg2 Qg4 38. Qf6 1-0

[Event "Bad Harzburg Seniors op 13th"]
[Site "Bad Harzburg"]
[Date "2012.11.02"]
[Round "5"]
[White "Zotin, Vladimir"]
[Black "Stanke, Achim"]
[Result "0-1"]
[WhiteElo "1831"]
[BlackElo "2014"]
[PlyCount "78"]
[EventDate "2012.10.30"]
[EventType "swiss"]
[EventRounds "6"]
[EventCountry "GER"]
[SourceTitle "EXT 2014"]
[Source "ChessBase"]
[SourceDate "2013.11.20"]
[SourceVersion "1"]
[SourceVersionDate "2013.11.20"]
[SourceQuality "1"]

1. e4 c6 2. d4 d5 3. e5 g6 4. Bd3 Bg7 5. Ne2 c5 6. c3 Nc6 7. 0-0 Nh6 8. Na3 0-0 9. h3 Nf5 10. Bxf5 Bxf5 11. Be3 h5 12. Qd2 Kh7 13. f3 cxd4 14. cxd4 f6 15. g4 hxg4 16. hxg4 Bd7 17. Kg2 fxe5 18. Rh1+ Kg8 19. Bh6 Rf7 20. Bxg7 Rxg7 21. dxe5 e6 22. f4 Qb6 23. Rh3 Rf8 24. Rah1 Kf7 25. Rb3 Qa6 26. Nc3 Na5 27. Rb4 Bc6 28. Kg3 Nc4 29. Nxc4 dxc4 30. Rh2 b5 31. Qd6 Qb6 32. Nd5 Bxd5 33. Qxb6 axb6 34. Rxb5 Ra8 35. Rxb6 Rxa2 36. Rh8 Ra8 37. Rh2 Kg8 38. Rd2 Rf7 39. Rd4 Kg7 0-1

[Event "GER-chT Seniors 21st"]
[Site "Berlin"]
[Date "2012.09.15"]
[Round "6.51"]
[White "Swoboda, Peter"]
[Black "Stanke, Achim"]
[Result "1/2-1/2"]
[WhiteElo "1863"]
[BlackElo "1992"]
[PlyCount "66"]
[EventDate "2012.09.10"]
[EventType "team-swiss"]
[EventRounds "7"]
[EventCountry "GER"]
[SourceTitle "CBM 150 Extra"]
[Source "ChessBase"]
[SourceDate "2012.10.19"]
[SourceVersion "1"]
[SourceVersionDate "2012.10.19"]
[SourceQuality "1"]
[WhiteTeam "Sachsen Anhalt Seniors II"]
[BlackTeam "Niedersachsen Seniors II"]
[WhiteTeamCountry "GER"]
[BlackTeamCountry "GER"]

1. d4 g6 2. e4 Bg7 3. Nf3 d6 4. Bd3 Nd7 5. 0-0 e5 6. c3 Ngf6 7. h3 0-0 8. Be3 c6 9. Qc2 Qc7 10. dxe5 dxe5 11. Nbd2 Rd8 12. Rad1 h6 13. Nb3 b6 14. c4 Nf8 15. c5 b5 16. Qc3 Ne8 17. Bc2 Rxd1 18. Rxd1 a5 19. a3 Ne6 20. Nc1 Nf4 21. Qd2 Be6 22. Ne2 Nxe2+ 23. Qxe2 Rd8 24. Rxd8 Qxd8 25. b4 axb4 26. axb4 Kh7 27. Qd2 Qxd2 28. Bxd2 Nc7 29. g4 Bc4 30. Kg2 Ne6 31. Be3 Nf4+ 32. Kh2 Bf1 33. Bxf4 exf4 1/2-1/2

[Event "GER-chT Seniors 21st"]
[Site "Berlin"]
[Date "2012.09.11"]
[Round "2.123"]
[White "Neumann, Horst"]
[Black "Stanke, Achim"]
[Result "1-0"]
[WhiteElo "1806"]
[BlackElo "1992"]
[PlyCount "111"]
[EventDate "2012.09.10"]
[EventType "team-swiss"]
[EventRounds "7"]
[EventCountry "GER"]
[SourceTitle "CBM 150 Extra"]
[Source "ChessBase"]
[SourceDate "2012.10.19"]
[SourceVersion "1"]
[SourceVersionDate "2012.10.19"]
[SourceQuality "1"]
[WhiteTeam "Rheinland Pfalz Seniors II"]
[BlackTeam "Niedersachsen Seniors II"]
[WhiteTeamCountry "GER"]
[BlackTeamCountry "GER"]

1. d4 c6 2. e4 g6 3. c4 Bg7 4. Nc3 d6 5. Be2 Nd7 6. Be3 e5 7. d5 c5 8. Qd2 Ngf6 9. Bf3 Nb6 10. b3 Ng4 11. Bxg4 Bxg4 12. h3 Bd7 13. Nf3 h6 14. a4 f5 15. Qa2 0-0 16. a5 Nc8 17. a6 b6 18. Qa3 Kh7 19. b4 cxb4 20. Qxb4 Rf7 21. Bc1 Be8 22. Ba3 Bf8 23. Ra2 Rc7 24. Rc2 Rc5 25. Qb3 Ra5 26. 0-0 Bd7 27. Nb5 Be7 28. exf5 gxf5 29. Re1 Rxa6 30. Nxe5 Rxa3 31. Nxa3 dxe5 32. Rxe5 Bf6 33. Re1 Nd6 34. c5 bxc5 35. Rxc5 Rb8 36. Qd3 Rb2 37. Nc4 Nxc4 38. Qxc4 Qb6 39. Qc1 Kg6 40. Rc2 Rxc2 41. Qxc2 Qa5 42. Qd1 Ba4 43. Qb1 Qxd5 44. Qb4 Bc6 45. f3 Qd4+ 46. Qxd4 Bxd4+ 47. Kh2 Kf6 48. f4 Be4 49. Rd1 Be3 50. Kg3 Ke6 51. Rd8 Kf6 52. Rd6+ Kg7 53. Ra6 Bb6 54. Kh2 h5 55. Ra4 h4 56. g4 1-0

[Event "Thueringen-ch Seniors"]
[Site "Mossbach"]
[Date "2008.09.15"]
[Round "1"]
[White "Urban, Bernd"]
[Black "Stanke, Achim"]
[Result "0-1"]
[WhiteElo "1642"]
[BlackElo "2068"]
[PlyCount "76"]
[EventDate "2008.09.15"]
[EventType "swiss"]
[EventRounds "7"]
[EventCountry "GER"]
[SourceTitle "EXT 2010"]
[Source "ChessBase"]
[SourceDate "2010.11.25"]
[SourceVersion "1"]
[SourceVersionDate "2010.11.25"]
[SourceQuality "1"]

1. c4 g6 2. Nc3 Bg7 3. Nf3 d6 4. e4 e5 5. Be2 Nh6 6. d4 Nd7 7. 0-0 0-0 8. Bg5 f6 9. Be3 Ng4 10. Qd2 c6 11. Rad1 Qc7 12. dxe5 dxe5 13. h3 Nxe3 14. Qxe3 Re8 15. Rd2 Nf8 16. Rfd1 Ne6 17. a3 Nf4 18. Bf1 Bh6 19. Qe1 Ne6 20. Rd6 Bf8 21. R6d2 a5 22. Qe3 a4 23. Bd3 Nc5 24. Bc2 Be6 25. Bd3 Qf7 26. Qe2 Bh6 27. Rc2 Nxd3 28. Qxd3 Bxc4 29. Qd6 Bb3 30. Rcd2 Bxd1 31. Rxd1 Bf8 32. Qd2 Bc5 33. Qc2 Qb3 34. Qc1 Rad8 35. Rxd8 Rxd8 36. Nh4 Rd3 37. Nxg6 hxg6 38. Qh6 Qf7 0-1

[Event "Wesel Undeloh op"]
[Site "Wesel Undeloh"]
[Date "2005.04.16"]
[Round "6"]
[White "Schorra, Helmut"]
[Black "Stanke, Achim"]
[Result "1-0"]
[WhiteElo "2137"]
[BlackElo "2087"]
[PlyCount "139"]
[EventDate "2005.04.14"]
[EventType "swiss"]
[EventRounds "7"]
[EventCountry "GER"]
[SourceTitle "EXT 2007"]
[Source "ChessBase"]
[SourceDate "2006.11.23"]
[SourceVersion "1"]
[SourceVersionDate "2006.11.23"]
[SourceQuality "1"]

1. d4 g6 2. e4 c6 3. c4 Bg7 4. Nc3 d6 5. h3 Nd7 6. Nf3 e5 7. d5 Qc7 8. Be2 Nh6 9. g4 f6 10. Be3 Nf7 11. Nd2 c5 12. Nf1 Nb6 13. Ng3 Bd7 14. a4 Nc8 15. Qd2 Ne7 16. Kf1 a5 17. Kg2 Rg8 18. Rag1 0-0-0 19. Kf1 Kb8 20. Ke1 b6 21. Kd1 Qc8 22. Kc1 Bh8 23. h4 Rde8 24. f3 Bg7 25. Kb1 Kb7 26. Ka1 Ref8 27. Rh2 Bh8 28. Bd1 Bg7 29. Nge2 Bh8 30. g5 f5 31. Nc1 f4 32. Bf2 Bg7 33. h5 h6 34. gxh6 Bxh6 35. hxg6 Rxg6 36. Rxg6 Nxg6 37. Nb5 Bg5 38. Rh7 Bxb5 39. axb5 Qe8 40. Be1 Rh8 41. Qh2 Qg8 42. Rh5 Nf8 43. Be2 Rxh5 44. Qxh5 Qg6 45. Qh3 Be7 46. Bf1 Qh7 47. Qg2 Qg6 48. Qh1 Qh7 49. Bh3 Ng5 50. Bh4 Nxh3 51. Bxe7 Qxe7 52. Qxh3 Qh7 53. Qg4 Qg6 54. Qh4 Kc7 55. Qh8 Nd7 56. Qa8 Qg1 57. Kb1 Qd1 58. Qc6+ Kd8 59. Qxd6 Qxf3 60. Qg6 Qg3 61. Qf7 Qg5 62. d6 Qf6 63. Qg8+ Qf8 64. Qd5 Ke8 65. Qc6 f3 66. Qc8+ Kf7 67. Qxd7+ Kg8 68. Qg4+ Kh7 69. Qh4+ Kg7 70. d7 1-0

[Event "Oberliga Nord W 0001"]
[Site "Germany"]
[Date "2000.12.10"]
[Round "3.1"]
[White "Stanke, Achim"]
[Black "Gutman, Lev"]
[Result "0-1"]
[WhiteElo "2156"]
[BlackElo "2533"]
[PlyCount "110"]
[EventDate "2000.10.15"]
[EventType "team"]
[EventRounds "9"]
[EventCountry "GER"]
[SourceTitle "EXT 2003"]
[Source "ChessBase"]
[SourceDate "2002.11.25"]
[SourceVersion "1"]
[SourceVersionDate "2002.11.25"]
[SourceQuality "1"]
[WhiteTeam "Bad Harzburg"]
[BlackTeam "Tura Melle"]
[WhiteTeamCountry "GER"]
[BlackTeamCountry "GER"]

1. d4 Nf6 2. g3 g6 3. Bg2 Bg7 4. c3 0-0 5. Nh3 a5 6. 0-0 a4 7. Na3 d5 8. f3 Bxh3 9. Bxh3 c5 10. e3 Nc6 11. b3 axb3 12. Qxb3 Qa5 13. Rb1 Rfb8 14. Rf2 e5 15. Nb5 b6 16. Rc2 Rd8 17. Bd2 c4 18. Qb2 Ne8 19. Qc1 Qa6 20. Be1 Qb7 21. Bf2 Qe7 22. Qf1 Ra4 23. Bg2 Nf6 24. Qe2 Re8 25. Re1 Qd7 26. Rb2 Nb4 27. Rxb4 Rxb4 28. cxb4 Qxb5 29. Qd2 e4 30. Rb1 Qa4 31. f4 Ra8 32. Rb2 Qa3 33. Rc2 Bf8 34. Be1 Ng4 35. Rc3 Qxa2 36. Bh3 Nf6 37. Rc2 Qb3 38. Rb2 Qa3 39. g4 Qa1 40. g5 Ne8 41. Bd7 Nd6 42. Bc6 Ra3 43. Rc2 Rd3 44. Ra2 Qb1 45. Qf2 Rd1 46. Re2 Nf5 47. Kg2 Bxb4 48. Bxb4 Qxb4 49. Bxd5 Nd6 50. Ra2 Qb5 51. Ra8+ Kg7 52. f5 Nxf5 53. Bxe4 c3 54. Ra2 h6 55. h4 hxg5 0-1